000 00602nam a2200169 a 4500
001 000040163
005 20201002033945.0
008 130812s1966 mx 000 0 spa d
040 _aDO-SdBNP
_bspa
_cBNPHU
100 1 _aNkrumah, Kwame
_966436
240 1 0 _aNeo-colonialism, the last stage of imperialism
_lespañol
245 1 0 _aNeocolonialismo última etapa del imperialismo /
_cKwame Nkrumah ; traducción de Marta Chávez, Martí Soler.
260 _aMéxico :
_bSiglo Veintiuno,
_c1966.
300 _a222 p. ;
_c21 cm.
700 1 _aChávez, Marta
_etr.
_966437
700 1 _aSoler, Martí
_etr.
_929456
999 _c39653
_d39653